000 00290nam a2200121Ia 4500
008 190216s9999||||xx |||||||||||||| ||und||
100 _aSugatha Kumari
245 0 _aKavutheendalle
260 _bCalicut University Central Co-Operative
300 _a100
650 _aLekhanam
942 _cBK
999 _c27109
_d27109